00481nam a2200193 a 4500001001300000003000900013005001700022008004100039020001000080082001800090100001800108245003200126260003800158300000900196500003500205505001000240650001900250700001800269nice12345678IN_TiNIC20260116012811.0050524s1942 newa grp 000 0 eng  ac10000a230.0954bAPP aAppasamy, A J aGospel and India`s Heritage aNew YorkbMacmillan Companyc1942 a272p aincludes index and biblioraphy2 aIndex aTheology-India1 aAppasamy, A J